000 00964cam a22002531 4500
001 agr15000004
003 DLC
005 20260227110937.0
008 790129s1914 xx 000 0 eng
010 _aagr15000004
035 _a(OCoLC)4595045
040 _aDLC
_cOCl
_dOCoLC
_dDLC
042 _apremarc
050 0 0 _aQC983
_b.A21 no. 1
100 1 _aBowie, Edward Hall,
_d1874-1943.
245 0 0 _aTypes of storms of the United States and their average movements,
_cby Edward H. Bowie and R. Hanson Weightman.
260 _aWashington,
_bGovt. print. off.,
_c1914.
300 _a37 p. incl. tables.
_b114 charts on 57 l.
_c31 cm.
490 0 _aUnited States Weather bureau. Monthly weather review. Supplement
_vno. 1
500 _aAt head of title: W. B. no. 538 ... U.S. Dept. of agriculture. Weather bureau ...
504 _a"Selected bibliography": p. 13.
650 0 _aStorms
_zUnited States.
700 1 _aWeightman, Richard Hanson,
_d1882-
_ejoint author.
999 _c8357
_d8357